00323nam a2200121 a 4500008004100000020001500041050001500056245003400071246003800105260002800143300002100171350000900192120416s0000 ||||||||||||||||| || u a951472576X aTT 180 Wor10aWoodworking industrial safety aproceedings of the workshop on... aHelsinkibFINNIDAc1989 aiv, 268p. : ill. a0.00